Billboard #1 Hits of 1987 - Statistics

General Stats
  • This quiz has been taken 39 times
  • The average score is 18 of 29
Answer Stats
Hint Extra Hint Explanation Answer % Correct
Livin' on a Prayer 14 February (4 wks.) Listen on YouTube Bon Jovi
94%
I Wanna Dance with Somebody (Who Loves Me) 27 June (2 wks.) Listen on YouTube Whitney Houston
92%
La Bamba 29 August (3 wks.) Listen on YouTube Los Lobos
89%
Bad 24 October (2 wks.) Listen on YouTube Michael Jackson
89%
With or Without You 16 May (3 wks.) Listen on YouTube U2
89%
Faith 12 December (4 wks.) Listen on YouTube George Michael
86%
I Still Haven't Found What I'm Looking For 8 August (2 wks.) Listen on YouTube U2
86%
Heaven Is a Place on Earth 5 December (1 wk.) Listen on YouTube Belinda Carlisle
83%
(I've Had) The Time of My Life 28 November (1 wk.) Listen on YouTube Bill Medley and Jennifer Warnes
78%
I Think We're Alone Now 7 November (2 wks.) Listen on YouTube Tiffany
78%
Here I Go Again 10 October (1 wk.) Listen on YouTube Whitesnake
78%
Nothing's Gonna Stop Us Now 4 April (2 wks.) Listen on YouTube Starship
75%
Who's That Girl 22 August (1 wk.) Listen on YouTube Madonna
72%
Mony Mony 21 November (1 wk.) Listen on YouTube Billy Idol
69%
(I Just) Died in Your Arms 2 May (2 wks.) Listen on YouTube Cutting Crew
69%
You Keep Me Hangin' On 6 June (1 wk.) Listen on YouTube Kim Wilde
64%
I Knew You Were Waiting (For Me) 18 April (2 wks.) Listen on YouTube Aretha Franklin and George Michael
58%
Alone 11 July (3 wks.) Listen on YouTube Heart
56%
Didn't We Almost Have It All 26 September (2 wks.) Listen on YouTube Whitney Houston
50%
Open Your Heart 7 February (1 wk.) Listen on YouTube Madonna
44%
Head to Toe 20 June (1 wk.) Listen on YouTube Lisa Lisa and Cult Jam
42%
Lean on Me 21 March (2 wks.) Listen on YouTube Club Nouveau
39%
Jacob's Ladder 14 March (1 wk.) Listen on YouTube Huey Lewis and the News
39%
Shakedown 1 August (1 wk.) Listen on YouTube Bob Seger
36%
Shake You Down 17 January (1 wk.) Listen on YouTube Gregory Abbott
36%
Lost in Emotion 17 October (1 wk.) Listen on YouTube Lisa Lisa and Cult Jam
36%
At This Moment 24 January (2 wks.) Listen on YouTube Billy Vera and the Beaters
33%
I Just Can't Stop Loving You 19 September (1 wk.) Listen on YouTube Michael Jackson with Siedah Garrett
33%
Always 13 June (1 wk.) Listen on YouTube Atlantic Starr
31%
No matching quizzes found
Score Distribution
Percent of People with Each Score
Percentile by Number Answered
Your Score History
You have not taken this quiz